Guess The Lyrics #4 - Statistics

General Stats
  • This quiz has been taken 1,632 times
  • The average score is 120 of 283
Answer Stats
Answer % Correct
a
98%
you
94%
You
94%
the
92%
me
81%
do
79%
to
76%
we
76%
are,
74%
are?
74%
And
73%
love
73%
go?
72%
on
68%
it
67%
is
66%
no
66%
your
65%
Where
62%
so
57%
think
57%
Who
57%
that
53%
there?
51%
could
50%
of
50%
for
49%
not
48%
want
48%
You're
45%
you're
45%
1
43%
this
43%
how
42%
one
42%
all
40%
us
40%
get
38%
It's
37%
it's
37%
its
37%
did
36%
like
36%
But
34%
up,
34%
from
32%
just
30%
way
29%
with
29%
got
28%
out
28%
here
25%
run!!!
25%
run
25%
down
24%
their
23%
'Cause
21%
more
18%
more,
18%
you'll
18%
nothing
17%
there's
17%
Yeah,
16%
world
15%
into
14%
hate
13%
something
13%
You've
13%
better
12%
couldn't
11%
wish
10%
'Cause
9%
everyone
9%
feeling
9%
getting
9%
knows,
9%
knows
9%
stop
9%
please
8%
last
7%
Listen
7%
top
7%
cold
6%
apart?
5%
20
4%
already
4%
moment
4%
ones
4%
share
4%
taking
4%
drop
3%
knees
3%
pay
3%
quite
3%
spare
3%
taken
3%
tearing
3%
Tearing
3%
bear
2%
caught
2%
cruel,
2%
enemies
2%
Enemies
2%
reality
2%
started
2%
stuck
2%
turned
2%
twenty
2%
angriest
1%
burden
1%
harsh
1%
mob
1%
No matching quizzes found
Score Distribution
Percent of People with Each Score
Percentile by Number Answered
Your Score History
You have not taken this quiz